The gender of caste: (Record no. 152603)

MARC details
000 -LEADER
fixed length control field 00675nam a22001937a 4500
005 - DATE AND TIME OF LATEST TRANSACTION
control field 20180608170331.0
010 ## - LCCN (DPL NO)
LC control number ENG-123180
020 ## - INTERNATIONAL STANDARD BOOK NUMBER
International Standard Book Number 9788178244990
Terms of availability 595.00
035 ## - SYSTEM CONTROL NUMBER
System control number EN-106712
037 ## - SOURCE OF ACQUISITION
Source of stock number/acquisition DBAD/PUB
082 ## - DEWEY DECIMAL CLASSIFICATION NUMBER
Classification number 305.4844
100 ## - MAIN ENTRY--PERSONAL NAME
Personal name Gupta, Charu
245 ## - TITLE STATEMENT
Title The gender of caste:
Statement of responsibility, etc by Charu Gupta
Remainder of title representing dalits in print /
260 ## - PUBLICATION, DISTRIBUTION, ETC. (IMPRINT)
Place of publication, distribution, etc New Delhi
Name of publisher, distributor, etc Permanent Black in association with Ashoka University
Date of publication, distribution, etc 2017
270 ## - ADDRESS
Address Himalayana, Mall Road, Ranikhet Cantt, Ranikhet 263645
City New Delhi
Postal code 110092
300 ## - PHYSICAL DESCRIPTION
Extent 336p.
Dimensions 21cm(pbk)
500 ## - GENERAL NOTE
General note it include bibliographical references and index
942 ## - ADDED ENTRY ELEMENTS (KOHA)
Source of classification or shelving scheme Dewey Decimal Classification
Item type English Books
Call number suffix GUP
Classification part 305.4844
Holdings
Withdrawn status Lost status Not for loan Collection code Home library Current library Date acquired Source of acquisition Cost, normal purchase price Full call number Barcode Copy number Cost, replacement price Koha item type
    Not For Loan Non-fiction D.B.Act.Division Sarojini Nagar 08/06/2018 DBAD/PUB 595.00 305.4844 GUP EN-106712 1 595.00 English Books

© Delhi Public Library
Hit Counter
free hit counter